| 000 | 01108nam a2200289Ia 4500 | ||
|---|---|---|---|
| 003 | OSt | ||
| 005 | 20221005110230.0 | ||
| 006 | a|||||r|||| 00| 0 | ||
| 007 | ta | ||
| 008 | GUJ | ||
| 020 |
_a8126003081 (pbk) _c175 |
||
| 024 | _a93588 | ||
| 037 |
_b529, 19/03/2009, Vani Prakashan _cTextual |
||
| 040 |
_aCRL _cCRL _bGUJ |
||
| 041 |
_2GUJ _aGUJ |
||
| 082 | _aO156,6N39x, 152N8 | ||
| 100 | _aजोशी, अनिल | ||
| 245 | 0 | _aस्टेच्यू | |
| 246 | _aSṭechyū | ||
| 260 |
_aनई दिल्ली _bसाहित्य अकादेमी भारत _c1998 |
||
| 300 |
_a71पृ0 _ccm. |
||
| 490 | _aसाहित्य अकादेमी द्वारा पुरस्कृत गुजराती निबन्ध - संग्रह | ||
| 650 | _aगुजराती साहित्य | ||
| 700 | _a कैलाश कबीर, अनु. | ||
| 942 |
_hO156,6N39x, 152N8 _cTEXL _2cc |
||
| 999 |
_c1018189 _d1018189 |
||